ՀՀ Գիտությունների ազգային ակադեմիայի հիմնարար գիտական գրադարան  =   Fundamental Scientific Library of NAS RA

Количественные методы районирования и классификации / (Record no. 270774)

MARC details
000 -LEADER
fixed length control field 01080nam a2200229 a 4500
001 - CONTROL NUMBER
control field 000732440
003 - CONTROL NUMBER IDENTIFIER
control field AM-YeHGA
005 - DATE AND TIME OF LATEST TRANSACTION
control field 20250617143156.0
008 - FIXED-LENGTH DATA ELEMENTS--GENERAL INFORMATION
fixed length control field 100429s1985 ru r 000 0 rus d
040 ## - CATALOGING SOURCE
Original cataloging agency AM-YeHGA
041 0# - LANGUAGE CODE
Language code of text/sound track or separate title rus
090 ## - LOCALLY ASSIGNED LC-TYPE CALL NUMBER (OCLC); LOCAL CALL NUMBER (RLIN)
-- 272412
245 00 - TITLE STATEMENT
Title Количественные методы районирования и классификации /
Statement of responsibility, etc. [А. М. Трофимов; Науч. ред. Ю. Г. Симонов].
260 ## - PUBLICATION, DISTRIBUTION, ETC.
Place of publication, distribution, etc. Казань :
Name of publisher, distributor, etc. Изд-во Казан. ун-та,
Date of publication, distribution, etc. 1985.
300 ## - PHYSICAL DESCRIPTION
Extent 119 с. :
Other physical details ил. ;
Dimensions 20 см.
500 ## - GENERAL NOTE
General note Авт. указаны на обороте тит. л.
504 ## - BIBLIOGRAPHY, ETC. NOTE
Bibliography, etc. note Библиогр.: с. 109-118
653 0# - INDEX TERM--UNCONTROLLED
Uncontrolled term Экономическое районирование - Математические методы
653 0# - INDEX TERM--UNCONTROLLED
Uncontrolled term Физико-географическое районирование - Математические методы
700 1# - ADDED ENTRY--PERSONAL NAME
Personal name Трофимов, Анатолий Михайлович
Relator term авт.
Relationship aut
700 1# - ADDED ENTRY--PERSONAL NAME
Personal name Симонов, Юрий Гаврилович
Relator term ред.
Relationship edt
Holdings
Withdrawn status Lost status Damaged status Not for loan Collection Home library Current library Date acquired Total checkouts Full call number Barcode Date last seen Price effective from Koha item type Public note
        General Fundamental Scientific Library Fundamental Scientific Library 29/12/2016   PII/540747 FL0156371 29/12/2016 29/12/2016 Գրքեր / Books 30 Days Loan
        General Fundamental Scientific Library Fundamental Scientific Library 29/12/2016   PII/536951 FL0162263 29/12/2016 29/12/2016 Գրքեր / Books 30 Days Loan


ՀՀ ԳԱԱ հիմնարար գիտական գրադարան
ՀՀ,Երևան 0019
Մարշալ Բաղրամյան 24/6
հեռախոս:(374-10) 52-47-50
Հետադարձ կապ

All site content, except where otherwise noted, is licensed under a
Creative Commons License